Những kết quả và kinh nghiệm trong thực hiện quy chế dân chủ gắn với xây dựng hệ thống chính trị ở cơ sở của tỉnh Quang Ninh /
Guardado en:
| Autor principal: | |
|---|---|
| Formato: | Artículo |
| Lenguaje: | Vietnamese |
| Materias: | |
| Etiquetas: |
Agregar Etiqueta
Sin Etiquetas, Sea el primero en etiquetar este registro!
|
| Thư viện lưu trữ: | Thư viện Trường Đại học Đà Lạt |
|---|
| LEADER | 00992nam a2200301 4500 | ||
|---|---|---|---|
| 001 | DLU090076285 | ||
| 005 | ##20090220 | ||
| 040 | # | # | |a DLU |b vie |
| 041 | # | # | |a vie |
| 044 | # | # | |a vn |
| 100 | # | # | |a Trịnh Công Toàn. |
| 245 | # | # | |a Những kết quả và kinh nghiệm trong thực hiện quy chế dân chủ gắn với xây dựng hệ thống chính trị ở cơ sở của tỉnh Quang Ninh / |c Trịnh Công Toàn. |
| 653 | # | # | |a Cơ sở |
| 653 | # | # | |a Hệ thống chính trị |
| 653 | # | # | |a Huyện Quảng Ninh, Quảng Bình |
| 653 | # | # | |a Kết quả |
| 653 | # | # | |a Kinh nghiệm |
| 653 | # | # | |a Qui chế dân chủ |
| 773 | # | # | |t Tạp chí lịch sử Đảng |g Số 8(165), 2004, tr. 29-31 |
| 920 | # | # | |a Phòng Tạp chí -- Trung tâm Thông tin - Thư viện Trường Đại học Đà Lạt |
| 994 | # | # | |a DLU |
| 900 | # | # | |a True |
| 911 | # | # | |a Lý Thị Hồng Hạnh |
| 925 | # | # | |a G |
| 926 | # | # | |a A |
| 927 | # | # | |a BB |
| 980 | # | # | |a Thư viện Trường Đại học Đà Lạt |